| 000 | 00688nam a22002177a 4500 | ||
|---|---|---|---|
| 999 |
_c15126 _d15126 |
||
| 003 | AR-CdUCM | ||
| 008 | 190425b ||||| |||| 00| 0 spa d | ||
| 020 | _a978-84-9998-609-8 | ||
| 040 |
_aMUNICIPALIDAD PROVINCIAL DEL CUSCO _cBIBLIOTECA MUNICIPAL DEL CUSCO |
||
| 082 |
_aPI / 376.1 / _bW72 |
||
| 110 |
_aWillyrex _934150 |
||
| 245 |
_aMi primer wigetta : _b¿quien ha puest este huevo? / |
||
| 260 |
_aColombia : _bWillyrex, _bVegetta777, _c2017. |
||
| 300 |
_bilustraciones, graficos, dibujos _c23 cm. |
||
| 500 | _aTexto educativo para niños | ||
| 650 |
_aTexto _9816 |
||
| 650 |
_aCuento _94671 |
||
| 650 |
_ahistoria _93714 |
||
| 942 |
_2ddc _cLIBROS |
||
| 945 |
_apjha _d2019-04-25 |
||